Obálka Náhled e-knihy:
PDF
Pro půjčování e-knih musíte být přihlášeni.
Jak si půjčit online?

Tvoriť a ľúbiť po celý rok /

Kreatívna duša Soňa Višňovská, známa z instagramového profilu Tvoriť a ľúbiť, prichádza s knihou plnou inšpirácií, ktoré spájajú radosť z tvorenia a lásku k spoločne strávenému času. V knihe nájdete 50 originálnych DIY nápadov na celý rok. Nechýbajú v nej jarné dekorácie, recepty z letných surovín,...

Celý popis

Uloženo v:
Hlavní autor: Višňovská, Soňa (Autor)
Médium: E-kniha
Jazyk:Czech
Vydáno: Praha : Albatros Media Slovakia s.r.o., 2025
Tagy:
Žádné tagy
LEADER 01501nam a22002297i 4500
001 302707
007 ta
008 260514s2025 xr ||||| |||| 00| 0 cze d
020 |a 9788056648438 
044 |a xr 
100 1 |a  Višňovská, Soňa  |4 aut 
245 1 0 |a Tvoriť a ľúbiť po celý rok /  |c  Višňovská, Soňa 
264 1 |a Praha :  |b Albatros Media Slovakia s.r.o.,  |c 2025 
300 |a 1 online zdroj (176 stran) 
336 |a text  |b txt  |2 rdacontent 
337 |a bez média  |b n  |2 rdamedia 
338 |a online zdroj  |b cr  |2 rdacarrier 
520 2 |a Kreatívna duša Soňa Višňovská, známa z instagramového profilu Tvoriť a ľúbiť, prichádza s knihou plnou inšpirácií, ktoré spájajú radosť z tvorenia a lásku k spoločne strávenému času. V knihe nájdete 50 originálnych DIY nápadov na celý rok. Nechýbajú v nej jarné dekorácie, recepty z letných surovín, jesenné výtvory ani kúzelné zimné ozdoby, no taktiež dekorácie do detskej izby a projekty pre potešenie mamičiek. Postupy a recepty dopĺňajú krásne fotografie, ktoré vás navnadia okamžite sa pustiť do tvorenia! 
910 |a RBIT002 
998 |d 426964  |a https://core.palmknihy.cz/api/books/426964/cover?tesgi5  |b https://core.palmknihy.cz/api/books/426964/cover/400?tesgi5  |c https://core.palmknihy.cz/api/books/426964/cover/50?tesgi5  |e 2036-12-31  |g 176  |i 9788056648438  |k https://core.palmknihy.cz/api/books/426964/preview.pdf  |l   |q 49  |r 1  |s https://www.palmknihy.cz/kniha/426964  |t ebook  |y 2025  |z 1 
999 |d 302705